[Event "Muensterland Verbandsklasse 2122"]
[Site "Germany"]
[Date "2021.11.06"]
[Round "2.3"]
[White "Nordholt, Uwe"]
[Black "Wichert, Michael"]
[Result "1/2-1/2"]
[WhiteElo "1854"]
[BlackElo "1714"]
[PlyCount "83"]
[EventDate "2021.09.25"]
[EventType "team-tourn"]
[EventRounds "2"]
[EventCountry "GER"]
[SourceTitle "EXT 2023"]
[Source "ChessBase"]
[SourceDate "2022.10.05"]
[SourceVersion "1"]
[SourceVersionDate "2022.10.05"]
[SourceQuality "1"]
[WhiteTeam "Emsdetten Rochade III"]
[BlackTeam "Heiden II"]
[WhiteTeamCountry "GER"]
[BlackTeamCountry "GER"]

1. d4 d5 2. c4 e6 3. Nf3 Nf6 4. Nc3 Be7 5. Bg5 c6 6. e3 Nbd7 7. Bd3 b6 8. 0-0 0-0 9. Qc2 h6 10. Bxf6 Bxf6 11. e4 Bb7 12. cxd5 exd5 13. e5 Be7 14. Rfe1 c5 15. e6 fxe6 16. Rxe6 Rf6 17. Qe2 Rxe6 18. Qxe6+ Kh8 19. Re1 Bf6 20. Qf7 cxd4 21. Bb5 dxc3 22. bxc3 Qg8 23. Qxd7 Bc8 24. Qd6 Bf5 25. Ne5 Rd8 26. Qc7 Bxe5 27. Rxe5 d4 28. Rxf5 d3 29. Bd7 d2 30. Qd6 Qe8 31. Qxd2 Rxd7 32. Rf8+ Qxf8 33. Qxd7 Qa3 34. Qe8+ Kh7 35. Qe4+ Kg8 36. Qc2 Qe7 37. g3 Kf8 38. a4 a6 39. Qb3 Qe1+ 40. Kg2 Qe4+ 41. Kh3 Qf5+ 42. Kg2 1/2-1/2

[Event "Muensterland Verbandsliga 1819"]
[Site "Germany"]
[Date "2018.09.22"]
[Round "2.8"]
[White "Hofene, Josef"]
[Black "Wichert, Michael"]
[Result "0-1"]
[WhiteElo "1770"]
[BlackElo "1696"]
[PlyCount "82"]
[EventDate "2018.09.01"]
[EventType "team-tourn"]
[EventRounds "9"]
[EventCountry "GER"]
[SourceTitle "EXT 2020"]
[Source "ChessBase"]
[SourceDate "2019.10.17"]
[SourceVersion "1"]
[SourceVersionDate "2019.10.17"]
[SourceQuality "1"]
[WhiteTeam "Beelen"]
[BlackTeam "Heiden"]
[WhiteTeamCountry "GER"]
[BlackTeamCountry "GER"]

1. e4 e6 2. d4 d5 3. exd5 exd5 4. Nf3 Bd6 5. Bd3 Nf6 6. 0-0 0-0 7. Nc3 c6 8. Bg5 Bg4 9. Re1 Nbd7 10. h3 Bh5 11. g4 Bg6 12. Ne5 Qc7 13. f4 Bxd3 14. Qxd3 a6 15. Bh4 b5 16. Qf3 b4 17. Nd1 Ne4 18. Nf2 Nxf2 19. Bxf2 Nf6 20. Re2 Ne4 21. Rae1 a5 22. Kg2 f6 23. Nd3 Rf7 24. Be3 g5 25. f5 Kg7 26. Bf2 Re8 27. Rh1 Rfe7 28. h4 h6 29. Qh3 Rh8 30. Be1 Kf8 31. Bd2 Reh7 32. Rhe1 h5 33. Rxe4 dxe4 34. Rxe4 hxg4 35. Qe3 Re7 36. Nc5 Bxc5 37. dxc5 Rxh4 38. Rxe7 Qh2+ 39. Kf1 Qh1+ 40. Ke2 Rh2+ 41. Kd3 Qd5+ 0-1

[Event "Muensterland Verbandsliga 1718"]
[Site "Germany"]
[Date "2017.12.09"]
[Round "4.8"]
[White "Koetting, Hans Erich"]
[Black "Wichert, Michael"]
[Result "1-0"]
[WhiteElo "1850"]
[BlackElo "1722"]
[PlyCount "71"]
[EventDate "2017.09.09"]
[EventType "team-tourn"]
[EventRounds "9"]
[EventCountry "GER"]
[SourceTitle "EXT 2019"]
[Source "ChessBase"]
[SourceDate "2018.10.10"]
[SourceVersion "1"]
[SourceVersionDate "2018.10.10"]
[SourceQuality "1"]
[WhiteTeam "Duelmen"]
[BlackTeam "Heiden"]
[WhiteTeamCountry "GER"]
[BlackTeamCountry "GER"]

1. d4 d5 2. Nf3 Nf6 3. Bf4 e6 4. e3 Bd6 5. Ne5 Qe7 6. Nd2 h6 7. Bd3 c5 8. c3 Nbd7 9. Qe2 Nb6 10. g4 Bxe5 11. dxe5 Nfd7 12. Bg3 Na4 13. 0-0-0 c4 14. Bc2 Nxc3 15. bxc3 Qa3+ 16. Kb1 Qxc3 17. Nf3 b5 18. Qd2 Qa3 19. Qc1 Qc5 20. Nd4 a5 21. f4 0-0 22. f5 Nb6 23. f6 g6 24. e4 Kh7 25. h4 Qb4+ 26. Qb2 Qxb2+ 27. Kxb2 Bd7 28. Nf3 Bc6 29. Ng5+ Kg8 30. h5 dxe4 31. hxg6 fxg6 32. Rxh6 Na4+ 33. Bxa4 e3 34. Bc2 Rfd8 35. Rxg6+ Kf8 36. Nxe6+ 1-0

[Event "Muensterland Verbandsliga 1516"]
[Site "Germany"]
[Date "2016.05.21"]
[Round "9.8"]
[White "Wichert, Michael"]
[Black "Voss, Andreas"]
[Result "0-1"]
[WhiteElo "1652"]
[BlackElo "1712"]
[PlyCount "60"]
[EventDate "2015.09.12"]
[EventType "team"]
[EventRounds "9"]
[EventCountry "GER"]
[SourceTitle "EXT 2017"]
[Source "ChessBase"]
[SourceDate "2016.10.25"]
[SourceVersion "1"]
[SourceVersionDate "2016.10.25"]
[SourceQuality "1"]
[WhiteTeam "Heiden"]
[BlackTeam "Muenster SK IV"]
[WhiteTeamCountry "GER"]
[BlackTeamCountry "GER"]

1. e4 d5 2. exd5 Nf6 3. Nf3 Nxd5 4. d4 Bg4 5. Be2 Nc6 6. 0-0 e6 7. c4 Nb6 8. b3 Be7 9. a4 a5 10. Ba3 0-0 11. Nbd2 Bf5 12. c5 Nd5 13. Bb2 Ndb4 14. Rc1 Nd3 15. Bxd3 Bxd3 16. Re1 Bf5 17. Nc4 Nb4 18. Rc3 h6 19. Qe2 Nd5 20. Ne3 Nxc3 21. Bxc3 Be4 22. Ng4 Bd5 23. Qc2 b6 24. Re5 Bf6 25. Rh5 Bxf3 26. Nxh6+ gxh6 27. Rxh6 Re8 28. d5 Bxc3 29. Qxc3 e5 30. Qxf3 Qg5 0-1

[Event "Muensterland Verbandsliga 1314"]
[Site "Germany"]
[Date "2014.04.05"]
[Round "8.8"]
[White "Puke, Carolin"]
[Black "Wichert, Michael"]
[Result "1/2-1/2"]
[WhiteElo "1562"]
[BlackElo "1662"]
[PlyCount "47"]
[EventDate "2013.09.07"]
[EventType "team-tourn"]
[EventRounds "9"]
[EventCountry "GER"]
[SourceTitle "EXT 2015"]
[Source "ChessBase"]
[SourceDate "2014.11.20"]
[SourceVersion "1"]
[SourceVersionDate "2014.11.20"]
[SourceQuality "1"]
[WhiteTeam "Steinfurt"]
[BlackTeam "Heiden"]
[WhiteTeamCountry "GER"]
[BlackTeamCountry "GER"]

1. e4 e5 2. Nf3 Nc6 3. Bc4 Bc5 4. 0-0 Nf6 5. d3 0-0 6. Bg5 h6 7. Bh4 d6 8. c3 Bb6 9. Bb5 Bg4 10. Nbd2 Nb8 11. Qc2 c6 12. Bc4 Nbd7 13. d4 Qc7 14. Qd3 d5 15. exd5 cxd5 16. Nxe5 Nxe5 17. dxe5 dxc4 18. Qg3 Rad8 19. Bxf6 gxf6 20. Qxg4+ Kh8 21. exf6 Rg8 22. Qh4 Rg6 23. Nf3 Qc6 24. Qh3 1/2-1/2

[Event "Muensterland Verbandsliga 1314"]
[Site "Germany"]
[Date "2014.01.18"]
[Round "5.8"]
[White "Holtmann, Marcel"]
[Black "Wichert, Michael"]
[Result "1/2-1/2"]
[WhiteElo "1527"]
[BlackElo "1662"]
[PlyCount "55"]
[EventDate "2013.09.07"]
[EventType "team-tourn"]
[EventRounds "9"]
[EventCountry "GER"]
[SourceTitle "EXT 2015"]
[Source "ChessBase"]
[SourceDate "2014.11.20"]
[SourceVersion "1"]
[SourceVersionDate "2014.11.20"]
[SourceQuality "1"]
[WhiteTeam "Ostbevern Westbevern"]
[BlackTeam "Heiden"]
[WhiteTeamCountry "GER"]
[BlackTeamCountry "GER"]

1. e4 e5 2. Nf3 Nc6 3. Bc4 Bc5 4. 0-0 d6 5. h3 Be6 6. Bb3 Qd7 7. c3 Nf6 8. Bc2 Bb6 9. d4 exd4 10. cxd4 d5 11. e5 Ne4 12. Nc3 f5 13. Be3 h6 14. Nh2 g5 15. f4 0-0-0 16. Ne2 gxf4 17. Nxf4 Nxe5 18. Ba4 Qe7 19. Re1 Qh4 20. Nxe6 Rdg8 21. Nf4 Nc4 22. Nf3 Qg3 23. Qe2 Nxe3 24. Qxe3 c6 25. Re2 Bc7 26. Ne5 Bxe5 27. dxe5 Qh4 28. Bc2 1/2-1/2

[Event "Muensterland Verbandsklasse-B 1112"]
[Site "Germany"]
[Date "2011.10.08"]
[Round "2.7"]
[White "Wichert, Michael"]
[Black "Richter, Michael2222"]
[Result "1/2-1/2"]
[WhiteElo "1683"]
[BlackElo "1644"]
[PlyCount "76"]
[EventDate "2011.09.17"]
[EventType "team-tourn"]
[EventRounds "9"]
[EventCountry "GER"]
[SourceTitle "EXT 2013"]
[Source "ChessBase"]
[SourceDate "2012.11.22"]
[SourceVersion "1"]
[SourceVersionDate "2012.11.22"]
[SourceQuality "1"]
[WhiteTeam "Heiden II"]
[BlackTeam "Reckenfeld"]
[WhiteTeamCountry "GER"]
[BlackTeamCountry "GER"]

1. e4 c5 2. Nf3 d6 3. c3 Nf6 4. Be2 g6 5. Qc2 Qc7 6. d3 Nbd7 7. h3 d5 8. 0-0 Bg7 9. Bg5 0-0 10. Nbd2 b6 11. Rac1 Bb7 12. exd5 Bxd5 13. d4 Bb7 14. Rfe1 Rfe8 15. dxc5 Nxc5 16. Bb5 Red8 17. b4 Ne6 18. Bh4 Bh6 19. Rcd1 a6 20. Bd3 Rac8 21. c4 Nd4 22. Nxd4 Rxd4 23. Bg3 Qd8 24. Nb3 Rd7 25. a3 Nh5 26. Bh2 Nf4 27. Bf1 Rcc7 28. c5 b5 29. g3 Ne6 30. Bg2 Bxg2 31. Kxg2 Rc6 32. Rxd7 Qxd7 33. Rd1 Qb7 34. Qe4 Rc7 35. Qxb7 Rxb7 36. Na5 Rc7 37. Kf3 Bg7 38. Nb3 Bb2 1/2-1/2

[Event "Muensterland Verbandsklasse-A 0203"]
[Site "Muensterland"]
[Date "2002.12.14"]
[Round "4.8"]
[White "Holtmannspoetter, Thomas"]
[Black "Wichert, Michael"]
[Result "0-1"]
[WhiteElo "1491"]
[BlackElo "1523"]
[PlyCount "50"]
[EventDate "2002.09.28"]
[EventType "team"]
[EventRounds "9"]
[EventCountry "GER"]
[SourceTitle "EXT 2004"]
[Source "ChessBase"]
[SourceDate "2003.11.25"]
[SourceVersion "1"]
[SourceVersionDate "2003.11.25"]
[SourceQuality "1"]
[WhiteTeam "Ochtrup"]
[BlackTeam "Heiden II"]
[WhiteTeamCountry "GER"]
[BlackTeamCountry "GER"]

1. e4 e5 2. Nf3 Nc6 3. d4 exd4 4. Nxd4 Bb4+ 5. c3 Be7 6. Be3 Nf6 7. f3 d5 8. Nxc6 bxc6 9. exd5 Nxd5 10. Bd4 0-0 11. Bd3 Bh4+ 12. Kf1 Re8 13. g3 Ne3+ 14. Bxe3 Rxe3 15. Bxh7+ Kxh7 16. Qc2+ g6 17. Kf2 Bg5 18. f4 Qe7 19. Qd2 Bxf4 20. gxf4 Re4 21. h4 Ba6 22. Kf3 Rd8 23. Qc1 Rd3+ 24. Kf2 Re2+ 25. Kf1 Rf3+ 0-1